[Event "2ème Open des Vins du Médoc à Hourtin"]
[Site "Hourtin ; France"]
[Date "2016.07.02"]
[Round "1.2"]
[White "Labarthe, Francois"]
[Black "Favarel, Antoine"]
[Result "0-1"]
[WhiteElo "1625"]
[BlackElo "2363"]
[PlyCount "78"]
[EventDate "2016.??.??"]

1. e4 c5 2. Nf3 Nc6 3. d4 cxd4 4. Nxd4 g6 5. c4 Bg7 6. Nxc6 bxc6 7. Nc3 d6 8.
Be3 Qa5 9. Bd2 Qc7 10. g3 Nf6 11. Bg2 h5 12. h4 Ng4 13. Qe2 a5 14. b3 a4 15.
O-O axb3 16. axb3 Rxa1 17. Rxa1 Bd4 18. Be1 O-O 19. Rb1 Nxf2 20. Bxf2 Bxc3 21.
b4 Be5 22. Rb3 Be6 23. Kh2 Qd7 24. Ra3 Rb8 25. Ra7 Rb7 26. Rxb7 Qxb7 27. b5 Bd7
28. Bf1 Qa8 29. Qd3 Qa2 30. Qe2 Qb3 31. Qd3 Qb2 32. Qe2 Qb4 33. Qe3 cxb5 34.
Qa7 Be6 35. Qb8+ Kg7 36. Qxb5 Qd2 37. Qb6 Qc2 38. Kg1 Qxe4 39. c5 Bd5 0-1

[Event "2ème Open des Vins du Médoc à Hourtin"]
[Site "Hourtin ; France"]
[Date "2016.07.02"]
[Round "1.3"]
[White "Ollier, Pablo"]
[Black "Arnaud, Aurelien"]
[Result "1-0"]
[WhiteElo "2362"]
[BlackElo "1663"]
[PlyCount "79"]
[EventDate "2016.??.??"]

1. d4 d5 2. c4 e6 3. Nc3 Nf6 4. cxd5 exd5 5. Bg5 Nbd7 6. e3 c6 7. Bd3 Be7 8.
Qc2 O-O 9. Nf3 Re8 10. O-O Nf8 11. Rae1 Bg4 12. Ne5 Bh5 13. f4 N6d7 14. Bxe7
Qxe7 15. e4 dxe4 16. Nxe4 Qb4 17. Qf2 f6 18. a3 Qb6 19. Nc4 Qc7 20. Ncd6 Red8
21. Qh4 Bg6 22. f5 Be8 23. Qg3 Qb6 24. Rf4 Qxd4+ 25. Kh1 Nb6 26. Rg4 Rd7 27.
Nc3 Qxg4 28. Qxg4 Rxd6 29. Re7 Bf7 30. Ne4 Rad8 31. Nxd6 Rxd6 32. Qg3 Rd7 33.
Rxd7 Nbxd7 34. Qc7 Bd5 35. Bc2 h5 36. Qxb7 h4 37. Bb3 Nb6 38. Bxd5+ Nxd5 39.
Qxc6 Ne3 40. Qe4 1-0

[Event "2ème Open des Vins du Médoc à Hourtin"]
[Site "Hourtin ; France"]
[Date "2016.07.02"]
[Round "1.4"]
[White "Wohl, Aleksandar H"]
[Black "Stienon, Bruno"]
[Result "1-0"]
[WhiteElo "2354"]
[BlackElo "1563"]
[PlyCount "39"]
[EventDate "2016.??.??"]

1. e4 e5 2. Nc3 Nf6 3. f4 Nc6 4. fxe5 Nxe5 5. d4 Nc6 6. e5 Ng8 7. Nf3 Bb4 8.
Bd3 d6 9. O-O dxe5 10. dxe5 Bg4 11. h3 Bxf3 12. Qxf3 Nxe5 13. Qxb7 Bc5+ 14. Kh1
Rb8 15. Qe4 f6 16. Bb5+ Kf7 17. Qxe5 Bd6 18. Qd5+ Kf8 19. Ne4 Ne7 20. Rxf6+ 1-0

[Event "2ème Open des Vins du Médoc à Hourtin"]
[Site "Hourtin ; France"]
[Date "2016.07.02"]
[Round "1.5"]
[White "Dubertrand, Bernard"]
[Black "Pflaum, Stefan"]
[Result "0-1"]
[WhiteElo "1583"]
[BlackElo "2077"]
[PlyCount "97"]
[EventDate "2016.??.??"]

1. e4 e5 2. Nf3 Nc6 3. Bc4 Nf6 4. d3 Be7 5. c3 O-O 6. h3 d5 7. exd5 Nxd5 8. O-O
Nb6 9. Bb3 Bf5 10. Bc2 Qd7 11. Qe2 f6 12. Nbd2 Rad8 13. Ne4 Rfe8 14. Be3 Nd5
15. Nh4 Be6 16. Bc5 f5 17. Bxe7 Qxe7 18. Nxf5 Bxf5 19. Rad1 Qh4 20. Qf3 Qf4 21.
Qe2 Kh8 22. Qh5 Bg6 23. Qe2 Qh6 24. Rc1 Bf5 25. Qf3 Qg6 26. Rfe1 Nf4 27. Kh2
Rf8 28. g4 Bc8 29. Qg3 b6 30. Rcd1 Bb7 31. Re3 Ne7 32. Nd2 Qf6 33. Rf1 Neg6 34.
Ne4 Qc6 35. Rg1 Nd5 36. Ree1 Nf6 37. Ng5 Bc8 38. Bb3 Nd5 39. d4 h6 40. Nf3 exd4
41. Nxd4 Qd6 42. Qxd6 Rxd6 43. Nb5 Rdd8 44. Kg3 Ndf4 45. Nd4 c5 46. Nf3 Bb7 47.
Ne5 Nxe5 48. Rxe5 Rd3+ 49. Re3 0-1

[Event "2ème Open des Vins du Médoc à Hourtin"]
[Site "Hourtin ; France"]
[Date "2016.07.03"]
[Round "2.1"]
[White "Velten, Paul"]
[Black "Martin, Eric"]
[Result "1-0"]
[WhiteElo "2496"]
[BlackElo "1888"]
[PlyCount "91"]
[EventDate "2016.??.??"]

1. Nf3 d6 2. d4 Bg4 3. e4 Nf6 4. Bd3 e6 5. h3 Bh5 6. Nbd2 c6 7. O-O Be7 8. Re1
O-O 9. Nf1 Nbd7 10. e5 Bxf3 11. Qxf3 dxe5 12. dxe5 Nd5 13. Qg4 Re8 14. Bh6 Bf8
15. Rad1 Kh8 16. Bc1 Qc7 17. c4 Nxe5 18. Rxe5 Qxe5 19. cxd5 exd5 20. Nh2 Bc5
21. Nf3 Qf6 22. b4 Bb6 23. Bg5 Qd6 24. Bf4 Qf6 25. Qh5 g6 26. Qe5 Qxe5 27.
Bxe5+ Kg8 28. g4 Re6 29. g5 Rae8 30. Bc3 Kf8 31. h4 Kg8 32. Kg2 Kf8 33. Rh1 Kg8
34. Nh2 d4 35. Bd2 Bd8 36. Ng4 Kg7 37. h5 gxh5 38. Rxh5 Rh8 39. f4 f5 40. Nh6
Rf8 41. Nxf5+ Rxf5 42. Bxf5 Re2+ 43. Kf3 Rxd2 44. Rxh7+ Kg8 45. g6 Bb6 46. Be6+
1-0

[Event "2ème Open des Vins du Médoc à Hourtin"]
[Site "Hourtin ; France"]
[Date "2016.07.03"]
[Round "2.2"]
[White "Favarel, Antoine"]
[Black "Cazeaux, Didier"]
[Result "1-0"]
[WhiteElo "2363"]
[BlackElo "1825"]
[PlyCount "91"]
[EventDate "2016.??.??"]

1. d4 Nf6 2. c4 c5 3. d5 e6 4. Nc3 exd5 5. cxd5 d6 6. Nf3 g6 7. Bf4 a6 8. a4
Bg7 9. h3 O-O 10. e3 Qe7 11. Nd2 Nbd7 12. Be2 Rb8 13. O-O Ne8 14. a5 Ne5 15.
Bg3 f5 16. Re1 Nc7 17. Qb3 Bd7 18. f4 Nf7 19. e4 fxe4 20. Ndxe4 Bf5 21. Bc4
Bd4+ 22. Kh2 Qd8 23. Re2 Ne8 24. Qd1 Ng7 25. Bf2 Bxf2 26. Nxf2 Re8 27. Rxe8+
Qxe8 28. Qd2 Qf8 29. g4 Bd7 30. Nce4 Ne8 31. Ra3 Qg7 32. Rb3 Nf6 33. Qc3 Nxe4
34. Nxe4 Qxc3 35. bxc3 Kg7 36. Bd3 h5 37. Kg3 hxg4 38. hxg4 Bb5 39. Bxb5 axb5
40. Rxb5 Re8 41. Kf3 Re7 42. Rb6 Rd7 43. g5 Kf8 44. Nf6 Rc7 45. a6 bxa6 46.
Rb8+ 1-0

[Event "2ème Open des Vins du Médoc à Hourtin"]
[Site "Hourtin ; France"]
[Date "2016.07.03"]
[Round "2.3"]
[White "Neatherway, A Philip"]
[Black "Ollier, Pablo"]
[Result "0-1"]
[WhiteElo "1815"]
[BlackElo "2362"]
[PlyCount "62"]
[EventDate "2016.??.??"]

1. b3 e5 2. Bb2 Nc6 3. e3 Nf6 4. Bb5 Bd6 5. Na3 Na5 6. Nc4 Nxc4 7. Bxc4 c6 8.
Nf3 Qe7 9. d4 e4 10. Nd2 Bc7 11. Be2 d5 12. c4 O-O 13. Rc1 Bf5 14. a3 Rfe8 15.
b4 Rad8 16. h3 h6 17. Nb3 Bb8 18. Nc5 Bc8 19. b5 cxb5 20. cxb5 Nh7 21. Kd2 Bd6
22. Qb3 Nf6 23. a4 Nd7 24. Nxd7 Bxd7 25. a5 Qg5 26. g3 Qf6 27. Rcf1 Rc8 28. f4
exf3 29. Bxf3 Qg5 30. Bxd5 Bb4+ 31. Kd1 Rxe3 0-1

[Event "2ème Open des Vins du Médoc à Hourtin"]
[Site "Hourtin ; France"]
[Date "2016.07.03"]
[Round "2.4"]
[White "Lagunes, Robin"]
[Black "Wohl, Aleksandar H"]
[Result "0-1"]
[WhiteElo "1814"]
[BlackElo "2354"]
[Annotator "Violeau,Jean-Luc"]
[PlyCount "148"]
[EventDate "2016.??.??"]

1. c4 e5 2. Nc3 f5 3. g3 Nf6 4. Bg2 Nc6 5. e3 Bb4 6. Nge2 O-O 7. O-O d6 8. d4
Bxc3 9. Nxc3 Bd7 10. a3 e4 11. b4 Be8 12. Bb2 Bh5 13. Qa4 Qe8 14. Qb5 a6 15.
Qxf5 Ne7 16. Qe6+ Bf7 17. Qh3 Ng6 18. d5 b5 19. Qf5 Ne7 20. Qh3 {(=)} bxc4 21.
Nxe4 Nxe4 22. Bxe4 Ng6 23. Bh1 Ne5 24. Bd4 Qb5 25. f4 Ng6 26. Qg2 Ne7 27. e4 c6
28. Qb2 cxd5 29. Bxg7 dxe4 30. Bxe4 d5 31. Bxf8 Rxf8 32. Bg2 Qb6+ 33. Kh1 d4
34. Rad1 c3 35. Qf2 Nf5 36. Rfe1 Ne3 37. Rxd4 Nf5 38. Rd2 cxd2 39. Qxd2 Rd8 40.
Qc2 Nd4 41. Qc5 Qxc5 42. bxc5 Rc8 43. c6 Nxc6 44. Rc1 Be8 45. Bd5+ Kf8 46. Be6
Rd8 47. Bf5 h6 48. Be4 Ne7 49. Rc5 Rd4 50. Bb7 Ra4 51. Rc3 Nf5 52. Kg2 Nd6 53.
Bc6 Rc4 54. Rxc4 Nxc4 55. Bxe8 Kxe8 56. Kf3 Nxa3 57. Ke4 Nc4 58. Kd3 Nd6 59. g4
Nf5 60. h3 Kf7 61. Kc3 Nh4 62. Kb4 Ng2 63. f5 Kf6 64. Ka5 Kg5 65. Kxa6 Nf4 66.
h4+ Kxh4 67. f6 Kxg4 68. f7 Ng6 69. Kb6 h5 70. Kc7 h4 71. Kd6 h3 72. Ke6 h2 73.
Kf6 h1=Q 74. Kxg6 Qh8 0-1

[Event "2ème Open des Vins du Médoc à Hourtin"]
[Site "Hourtin ; France"]
[Date "2016.07.03"]
[Round "2.5"]
[White "Pflaum, Stefan"]
[Black "Grelier, Gilles"]
[Result "1-0"]
[WhiteElo "2077"]
[BlackElo "1802"]
[PlyCount "61"]
[EventDate "2016.??.??"]

1. d4 Nf6 2. c4 g6 3. Nc3 d5 4. Bf4 Bg7 5. e3 O-O 6. Rc1 Be6 7. Nf3 dxc4 8. Ng5
Bd5 9. e4 h6 10. exd5 hxg5 11. Bxg5 Nxd5 12. Qf3 c6 13. Bxc4 Nb6 14. Bb3 N8d7
15. Qe4 Nd5 16. O-O N7f6 17. Qh4 Qd7 18. Rfe1 Rfe8 19. Rcd1 Rad8 20. Kf1 Nh7
21. Nxd5 Nxg5 22. Nxe7+ Rxe7 23. Qxg5 Kf8 24. Qc5 b6 25. Qb4 Rde8 26. Re3 Kg8
27. Rf3 Rf8 28. Rg3 Kh7 29. Rh3+ Bh6 30. d5 Qd8 31. Qh4 1-0

[Event "2ème Open des Vins du Médoc à Hourtin"]
[Site "Hourtin ; France"]
[Date "2016.07.03"]
[Round "2.6"]
[White "Mueller, Werner"]
[Black "Martinet, Regis"]
[Result "1/2-1/2"]
[WhiteElo "1771"]
[BlackElo "2048"]
[PlyCount "166"]
[EventDate "2016.??.??"]

1. e4 c5 2. Nc3 Nc6 3. g3 g6 4. Bg2 Bg7 5. d3 e6 6. f4 Nge7 7. Nf3 d5 8. e5 Nf5
9. g4 Nfd4 10. O-O O-O 11. Ne2 Nxf3+ 12. Rxf3 f6 13. exf6 Qxf6 14. c3 Bd7 15.
Be3 d4 16. Bf2 e5 17. fxe5 Qxe5 18. Bg3 Qg5 19. h3 Rxf3 20. Bxf3 Qe3+ 21. Kg2
Rf8 22. Ng1 b6 23. Qc2 Ne5 24. Be4 Bc6 25. Bxc6 Nxc6 26. Re1 Qg5 27. Qb3+ Kh8
28. Nf3 Qf6 29. Qd5 dxc3 30. bxc3 Ne7 31. Qe4 Qf7 32. Bd6 Bxc3 33. Rf1 Re8 34.
Ng5 Qxa2+ 35. Rf2 Qd5 36. Bxe7 Qxe4+ 37. Nxe4 Bd4 38. Bf6+ Bxf6 39. Rxf6 c4 40.
Rf7 Kg8 41. Rxa7 Re6 42. Ra8+ Kg7 43. Ra7+ Kf8 44. g5 cxd3 45. Nf6 Rd6 46.
Nxh7+ Ke8 47. Nf6+ Kd8 48. Ra8+ Ke7 49. Re8+ Kf7 50. Ne4 Rd4 51. Re5 d2 52.
Nxd2 Rxd2+ 53. Kf3 Rd3+ 54. Kg4 Rd4+ 55. Kg3 Rc4 56. Rb5 Rc6 57. Kg4 Ke6 58.
Rb4 Kd5 59. h4 Kc5 60. Rb1 Rd6 61. Rc1+ Kb5 62. Rb1+ Kc6 63. Kf4 Rd4+ 64. Ke5
Rd5+ 65. Kf6 Rd6+ 66. Ke7 Rd7+ 67. Kf6 Rd6+ 68. Ke7 Rd7+ 69. Kf6 Rd6+ 70. Kf7
b5 71. Rf1 b4 72. h5 gxh5 73. g6 Rd7+ 74. Kf8 b3 75. g7 Kc5 76. Rf5+ Kb4 77.
Rxh5 b2 78. Rh1 Ra7 79. g8=Q Ra8+ 80. Kg7 Rxg8+ 81. Kxg8 Kb3 82. Kf7 Ka2 83.
Ke6 b1=R 1/2-1/2

[Event "2ème Open des Vins du Médoc à Hourtin"]
[Site "Hourtin ; France"]
[Date "2016.07.03"]
[Round "2.7"]
[White "Lagunes, Jean-Renaud"]
[Black "Randrianaina, Merlin"]
[Result "0-1"]
[WhiteElo "2009"]
[BlackElo "1705"]
[PlyCount "84"]
[EventDate "2016.??.??"]

1. e4 e5 2. Nf3 Nc6 3. Bb5 a6 4. Ba4 Bc5 5. Qe2 d6 6. c3 b5 7. Bb3 Bg4 8. Bd5
Qd7 9. a4 Rb8 10. b4 Bb6 11. axb5 axb5 12. Na3 Nce7 13. h3 Bh5 14. g4 Bg6 15.
Bb3 Qc6 16. Bc2 Nf6 17. Nxb5 O-O 18. O-O Bxe4 19. Bxe4 Nxe4 20. d4 Nxc3 21.
Nxc3 Qxc3 22. Ra3 Qxb4 23. dxe5 d5 24. Ra6 Rfe8 25. Ba3 Qf4 26. Kg2 Ng6 27. Re1
Re6 28. Bc1 Qb4 29. Kg3 Rbe8 30. Bd2 Qb3 31. Kg2 f6 32. Raa1 Nxe5 33. Nh4 Kf7
34. Reb1 Qd3 35. Qd1 Nc4 36. Ra2 Re2 37. Rb3 Rxf2+ 38. Kh1 Rf1+ 39. Kh2 Re2+
40. Ng2 Bg1+ 41. Kh1 Rxd1 42. Rxd3 Be3+ 0-1

[Event "2ème Open des Vins du Médoc à Hourtin"]
[Site "Hourtin ; France"]
[Date "2016.07.03"]
[Round "2.8"]
[White "Vandomel, Fabrice"]
[Black "Maruejols, Claude"]
[Result "1/2-1/2"]
[WhiteElo "1701"]
[BlackElo "1971"]
[PlyCount "70"]
[EventDate "2016.??.??"]

1. e4 c5 2. c3 Nf6 3. e5 Nd5 4. d4 cxd4 5. Nf3 Nc6 6. cxd4 d6 7. Bc4 dxe5 8.
dxe5 Ndb4 9. Qxd8+ Nxd8 10. Na3 Be6 11. Bb5+ Ndc6 12. Bd2 O-O-O 13. O-O g6 14.
Bc3 h6 15. Bc4 Bg7 16. Bxe6+ fxe6 17. Nb5 Rd5 18. Nxa7+ Nxa7 19. Bxb4 Nc6 20.
Rac1 Kd7 21. Bc3 Nxe5 22. Nxe5+ Bxe5 23. Bxe5 Rxe5 24. Rc2 Rc8 25. Rxc8 Kxc8
26. Rc1+ Kd7 27. Kf1 g5 28. Rc4 b5 29. Rb4 Kc6 30. h4 Rc5 31. hxg5 hxg5 32. Ke2
Rc2+ 33. Kf3 Kc5 34. a3 Rc4 35. Rb3 e5 1/2-1/2

[Event "2ème Open des Vins du Médoc à Hourtin"]
[Site "Hourtin ; France"]
[Date "2016.07.04"]
[Round "3.1"]
[White "Wohl, Aleksandar H"]
[Black "Velten, Paul"]
[Result "1-0"]
[WhiteElo "2354"]
[BlackElo "2496"]
[PlyCount "69"]
[EventDate "2016.??.??"]

1. b3 e5 2. Bb2 Nc6 3. e3 d6 4. d4 exd4 5. exd4 d5 6. Nf3 g6 7. Be2 Bg7 8. O-O
Nge7 9. Nbd2 O-O 10. Re1 Nf5 11. Nf1 Re8 12. c3 Nd6 13. Ne3 Ne7 14. c4 Ndf5 15.
Nxd5 Nxd5 16. cxd5 Qxd5 17. Bc4 Rxe1+ 18. Qxe1 Qd8 19. Qe2 Nd6 20. Ne5 Nxc4 21.
bxc4 Bf5 22. g4 Bd7 23. Re1 Be8 24. d5 Qg5 25. h3 f6 26. Nf3 Qf4 27. Nd4 Bf7
28. Ne6 Bxe6 29. Qxe6+ Kh8 30. Qf7 h5 31. Qxg6 hxg4 32. hxg4 Rg8 33. Kg2 Rb8
34. Re7 Rg8 35. Rxg7 1-0

[Event "2ème Open des Vins du Médoc à Hourtin"]
[Site "Hourtin ; France"]
[Date "2016.07.04"]
[Round "3.2"]
[White "Randrianaina, Merlin"]
[Black "Favarel, Antoine"]
[Result "0-1"]
[WhiteElo "1705"]
[BlackElo "2363"]
[PlyCount "56"]
[EventDate "2016.??.??"]

1. c4 g6 2. g3 Bg7 3. Bg2 c5 4. e4 Nc6 5. Ne2 d6 6. h3 e6 7. Nbc3 Nge7 8. d3
O-O 9. O-O Rb8 10. Rb1 b6 11. Bf4 Bb7 12. a3 Qd7 13. Nb5 e5 14. Be3 f5 15. f4
a6 16. Nbc3 Nd4 17. Bxd4 cxd4 18. Nd5 Nxd5 19. exd5 Rfe8 20. Re1 Re7 21. Kh2
Rbe8 22. Ng1 exf4 23. gxf4 Rxe1 24. Qxe1 Rxe1 25. Rxe1 Bc8 26. Nf3 Bf6 27. Ng5
Bxg5 28. fxg5 Qd8 0-1

[Event "2ème Open des Vins du Médoc à Hourtin"]
[Site "Hourtin ; France"]
[Date "2016.07.04"]
[Round "3.3"]
[White "Ollier, Pablo"]
[Black "Pflaum, Stefan"]
[Result "1-0"]
[WhiteElo "2362"]
[BlackElo "2077"]
[PlyCount "83"]
[EventDate "2016.??.??"]

1. d4 Nf6 2. c4 c5 3. d5 e5 4. Nc3 d6 5. e4 Be7 6. g3 Nbd7 7. Bg2 O-O 8. Nge2
Ne8 9. O-O g6 10. Bh6 Ng7 11. Qd2 Nf6 12. h3 Kh8 13. Be3 Ng8 14. f4 exf4 15.
gxf4 Bf6 16. e5 dxe5 17. Bxc5 Re8 18. fxe5 Rxe5 19. Ne4 Rxe4 20. Bxe4 Bxh3 21.
Rf3 Bg4 22. Rg3 Bxe2 23. Qxe2 Qc7 24. Bf2 Be5 25. Rf3 f5 26. Bc2 Re8 27. Qd3
Nf6 28. Rd1 Ng4 29. d6 Nxf2 30. Rxf2 Qd7 31. c5 Ne6 32. Qc4 Nd8 33. Ba4 Nc6 34.
Re1 f4 35. Qd5 Qg4+ 36. Qg2 Qh5 37. Bxc6 bxc6 38. Qxc6 Rf8 39. Qh1 Qxh1+ 40.
Kxh1 Bd4 41. Rd2 Bxc5 42. d7 1-0

[Event "2ème Open des Vins du Médoc à Hourtin"]
[Site "Hourtin ; France"]
[Date "2016.07.04"]
[Round "3.5"]
[White "Maruejols, Claude"]
[Black "Mueller, Werner"]
[Result "1-0"]
[WhiteElo "1971"]
[BlackElo "1771"]
[PlyCount "101"]
[EventDate "2016.??.??"]

1. d4 d5 2. c4 c6 3. Nc3 f5 4. Nf3 Nf6 5. g3 g6 6. Bg2 Bg7 7. O-O O-O 8. b3 h6
9. Ba3 Re8 10. Rc1 e6 11. Ne5 g5 12. e3 Nbd7 13. Bd6 Ne4 14. Nxe4 dxe4 15. c5
Nf6 16. f3 Nd5 17. Qe2 exf3 18. Bxf3 g4 19. Bg2 Qg5 20. Nc4 h5 21. Bf4 Nxf4 22.
gxf4 Qh6 23. b4 Re7 24. a4 Bd7 25. Nd6 Be8 26. b5 Rc7 27. Rb1 Bf8 28. Nc4 Rg7
29. Ne5 Rc8 30. bxc6 Bxc6 31. Bxc6 bxc6 32. Qa6 Rgc7 33. Rb7 Qh7 34. Rfb1 h4
35. Rxc7 Rxc7 36. Nxc6 h3 37. Ne5 Qh6 38. Qe2 Rg7 39. Kh1 g3 40. hxg3 Rxg3 41.
Rg1 Qh4 42. Qf2 Rxg1+ 43. Qxg1+ Bg7 44. Kh2 Qh5 45. c6 Kf8 46. Nd7+ Kf7 47. c7
Qe2+ 48. Kxh3 Qh5+ 49. Kg3 Qg4+ 50. Kf2 Qh4+ 51. Ke2 1-0

[Event "2ème Open des Vins du Médoc à Hourtin"]
[Site "Hourtin ; France"]
[Date "2016.07.04"]
[Round "3.6"]
[White "Lagunes, Matthieu"]
[Black "Vandomel, Fabrice"]
[Result "0-1"]
[WhiteElo "1918"]
[BlackElo "1701"]
[PlyCount "74"]
[EventDate "2016.??.??"]

1. e4 c5 2. Nf3 e6 3. d4 cxd4 4. Nxd4 a6 5. g3 b5 6. Bg2 Bb7 7. O-O Nf6 8. Nd2
Qc7 9. a4 b4 10. Qe2 d6 11. c3 bxc3 12. bxc3 Be7 13. c4 Nbd7 14. Kh1 O-O 15. f4
Nc5 16. g4 Nfd7 17. g5 Rae8 18. Qh5 f5 19. Ra3 g6 20. Qh6 Rf7 21. Bb2 Bf8 22.
Qh3 Bg7 23. Ba1 e5 24. Ne2 Nxe4 25. Nf3 Qxc4 26. Re3 exf4 27. Rxe4 fxe4 28.
Bxg7 Kxg7 29. Nd2 Qxe2 30. Qc3+ Ne5 31. Qd4 Qd3 32. Qb2 f3 33. Kg1 fxg2 34.
Rxf7+ Kxf7 35. Qxb7+ Re7 36. Qb2 e3 37. Qa2+ d5 0-1

[Event "2ème Open des Vins du Médoc à Hourtin"]
[Site "Hourtin ; France"]
[Date "2016.07.04"]
[Round "3.7"]
[White "Martinet, Nathan"]
[Black "Lagunes, Jean-Renaud"]
[Result "0-1"]
[WhiteElo "1672"]
[BlackElo "2009"]
[PlyCount "44"]
[EventDate "2016.??.??"]

1. c4 Nf6 2. Nc3 g6 3. g3 Bg7 4. Bg2 c6 5. e3 O-O 6. Nge2 e5 7. d4 Qe7 8. Qc2
d6 9. O-O Re8 10. b3 Na6 11. a3 Nc7 12. Bb2 e4 13. Rad1 Bg4 14. Rd2 Bh6 15. Rc1
Bf3 16. c5 d5 17. a4 Ng4 18. Nd1 Ne6 19. b4 Ng5 20. Nec3 Bxg2 21. Kxg2 Nxh2 22.
Ba1 Qe6 0-1

[Event "2ème Open des Vins du Médoc à Hourtin"]
[Site "Hourtin ; France"]
[Date "2016.07.04"]
[Round "3.8"]
[White "Martin, Eric"]
[Black "Arnaud, Aurelien"]
[Result "0-1"]
[WhiteElo "1888"]
[BlackElo "1663"]
[PlyCount "76"]
[EventDate "2016.??.??"]

1. e4 e5 2. f4 Bc5 3. Nf3 d6 4. c3 Bg4 5. Bc4 Bxf3 6. Qxf3 Nf6 7. fxe5 dxe5 8.
d3 h6 9. Rf1 Nc6 10. b4 Bxb4 11. cxb4 Qd4 12. Rf2 Qxa1 13. Rb2 Nd4 14. Qg3
O-O-O 15. Qxe5 Rhe8 16. Qc5 Kb8 17. Bxf7 Rf8 18. Bg6 Ng4 19. Qe7 Nxh2 20. Bf7
Nc6 21. Qe6 Rxd3 22. b5 Rd6 23. Qb3 Ne5 24. Bc4 Rd4 25. Be2 Rxe4 26. Qd5 Nc4
27. Qxe4 Nxb2 28. Bf4 Na4 29. Be5 Qxa2 30. Bxh2 Nc5 31. Qg6 Qb2 32. Bf4 Nb3 33.
Qe4 Nd4 34. Nd2 Nxe2 35. Kxe2 Qxb5+ 36. Kd1 Qd7 37. g4 Qxg4+ 38. Kc1 Qxf4 0-1

[Event "2ème Open des Vins du Médoc à Hourtin"]
[Site "Hourtin ; France"]
[Date "2016.07.04"]
[Round "3.9"]
[White "Labarthe, Francois"]
[Black "Hielscher, Ursula"]
[Result "0-1"]
[WhiteElo "1625"]
[BlackElo "1868"]
[PlyCount "62"]
[EventDate "2016.??.??"]

1. b3 d5 2. Bb2 Bf5 3. e3 Nc6 4. Bb5 a6 5. Bxc6+ bxc6 6. Nf3 Nf6 7. O-O c5 8.
d3 e6 9. c4 c6 10. Nh4 Bg4 11. f3 Bh5 12. g4 Bg6 13. Nxg6 hxg6 14. g5 Nd7 15.
f4 Rh7 16. Nd2 Be7 17. Qg4 Qc7 18. Nf3 O-O-O 19. Kg2 Rdh8 20. Rh1 Kb7 21. h4
Bd6 22. d4 cxd4 23. exd4 Bxf4 24. Ne5 Bxe5 25. dxe5 Nxe5 26. Bxe5 Qxe5 27. cxd5
Qxd5+ 28. Kg3 Qd3+ 29. Kg2 Qd2+ 30. Kg3 Qc3+ 31. Kg2 Rd8 0-1

[Event "2ème Open des Vins du Médoc à Hourtin"]
[Site "Hourtin ; France"]
[Date "2016.07.04"]
[Round "3.10"]
[White "Cazeaux, Didier"]
[Black "Roche, Philippe"]
[Result "1-0"]
[WhiteElo "1825"]
[BlackElo "1629"]
[PlyCount "77"]
[EventDate "2016.??.??"]

1. e4 c5 2. Nc3 e6 3. f4 d6 4. Nf3 Nc6 5. Bb5 Bd7 6. O-O Nf6 7. e5 dxe5 8. fxe5
Ng4 9. d3 Ngxe5 10. Nxe5 Nxe5 11. Qh5 Ng6 12. Qf3 Ne5 13. Qxb7 Qb8 14. Bxd7+
Nxd7 15. Qf3 Nf6 16. Bf4 Qd8 17. Qc6+ Nd7 18. Nb5 Qc8 19. Nc7+ Kd8 20. Qxa8
Qxa8 21. Nxa8 e5 22. Bg3 f6 23. Bf2 Bd6 24. b4 Ke7 25. bxc5 Nxc5 26. Nc7 Rc8
27. Nd5+ Ke6 28. Ne3 Na4 29. Nc4 Bc5 30. Bxc5 Rxc5 31. Rab1 Kd7 32. Rb7+ Rc7
33. Rfb1 Nc3 34. R1b3 Ne2+ 35. Kf2 Nd4 36. Rxc7+ Kxc7 37. Ra3 Nb5 38. Ra5 Kc6
39. a4 1-0

[Event "2ème Open des Vins du Médoc à Hourtin"]
[Site "Hourtin ; France"]
[Date "2016.07.04"]
[Round "4.2"]
[White "Maruejols, Claude"]
[Black "Wohl, Aleksandar H"]
[Result "0-1"]
[WhiteElo "1971"]
[BlackElo "2354"]
[PlyCount "36"]
[EventDate "2016.??.??"]

1. d4 g6 2. c4 Bg7 3. e4 d6 4. Nc3 e5 5. Be3 exd4 6. Bxd4 Nf6 7. Bd3 Nc6 8. Be3
Ng4 9. Bd2 Bd4 10. Nh3 Nge5 11. Be2 Bxh3 12. gxh3 Qh4 13. Rf1 O-O 14. Qc2 Nb4
15. Qb1 f5 16. a3 Nbc6 17. Qc2 Bb6 18. O-O-O Nd4 0-1

[Event "2ème Open des Vins du Médoc à Hourtin"]
[Site "Hourtin ; France"]
[Date "2016.07.04"]
[Round "4.3"]
[White "Vandomel, Fabrice"]
[Black "Martinet, Regis"]
[Result "0-1"]
[WhiteElo "1701"]
[BlackElo "2048"]
[PlyCount "112"]
[EventDate "2016.??.??"]

1. e4 c5 2. c3 Nf6 3. e5 Nd5 4. d4 cxd4 5. Nf3 Nc6 6. cxd4 g6 7. Bc4 Nb6 8. Bb3
Bg7 9. Bf4 d5 10. Nc3 Bg4 11. Be3 O-O 12. h3 Be6 13. a3 Na5 14. Ba2 Rc8 15. Bd2
Nac4 16. Bb1 Qd7 17. Bd3 a6 18. O-O f6 19. exf6 exf6 20. Qc2 Bf7 21. Bf4 Rfe8
22. a4 Nd6 23. a5 Na8 24. Qa4 Qxa4 25. Nxa4 Ne4 26. Rac1 Bf8 27. Rxc8 Rxc8 28.
Nd2 Nxd2 29. Bxd2 Bd6 30. b4 Be8 31. Nc5 Bc6 32. g3 Re8 33. Kg2 Nc7 34. Rc1
Bxc5 35. bxc5 Nb5 36. Be3 Kf7 37. g4 Bd7 38. Kg3 f5 39. gxf5 Bxf5 40. Bxf5 gxf5
41. Kf4 Kf6 42. f3 Na7 43. Rg1 Nc6 44. Bf2 Re2 45. Bh4+ Kf7 46. Rb1 Nxd4 47.
Rxb7+ Kg6 48. Rb6+ Ne6+ 49. Rxe6+ Rxe6 50. Bf2 Re2 51. Bd4 Re1 52. h4 Rf1 53.
Ke5 Kf7 54. Kd6 Ke8 55. Bf6 d4 56. Bxd4 Kd8 0-1

[Event "2ème Open des Vins du Médoc à Hourtin"]
[Site "Hourtin ; France"]
[Date "2016.07.04"]
[Round "4.4"]
[White "Velten, Paul"]
[Black "Cazeaux, Didier"]
[Result "1-0"]
[WhiteElo "2496"]
[BlackElo "1825"]
[PlyCount "63"]
[EventDate "2016.??.??"]

1. e4 c5 2. Nf3 d6 3. d4 cxd4 4. Nxd4 Nf6 5. Nc3 g6 6. f3 Bg7 7. Be3 O-O 8. Bc4
Nc6 9. Qd2 Bd7 10. Bb3 Rb8 11. Nxc6 bxc6 12. Bxa7 Rb7 13. Be3 Qc7 14. g4 Rfb8
15. h4 h5 16. g5 Nh7 17. f4 Nf8 18. O-O Bh3 19. Rf3 Bg4 20. Rf2 Rb4 21. f5 gxf5
22. exf5 Bxc3 23. bxc3 Re4 24. g6 d5 25. Bf4 Qa7 26. gxf7+ Kh7 27. Bg3 e5 28.
Re1 Bxf5 29. Rxe4 Bxe4 30. Bxe5 Rb7 31. Qg5 Rxf7 32. Qxh5+ 1-0

[Event "2ème Open des Vins du Médoc à Hourtin"]
[Site "Hourtin ; France"]
[Date "2016.07.04"]
[Round "4.5"]
[White "Pflaum, Stefan"]
[Black "Neatherway, A Philip"]
[Result "1/2-1/2"]
[WhiteElo "2077"]
[BlackElo "1815"]
[PlyCount "40"]
[EventDate "2016.??.??"]

1. d4 d5 2. Nf3 Nf6 3. c4 dxc4 4. g3 g6 5. Bg2 Bg7 6. O-O O-O 7. Na3 c3 8. bxc3
c5 9. Rb1 Nbd7 10. Nc4 Nb6 11. Na5 Nbd5 12. Nxb7 Bxb7 13. Rxb7 Nxc3 14. Qd3
cxd4 15. e3 Qa5 16. Nxd4 Rfd8 17. Bd2 Rac8 18. Rc1 Ncd5 19. Bxd5 Qxd5 20. Rxe7
Qxa2 1/2-1/2

[Event "2ème Open des Vins du Médoc à Hourtin"]
[Site "Hourtin ; France"]
[Date "2016.07.04"]
[Round "4.6"]
[White "Lagunes, Jean-Renaud"]
[Black "Lagunes, Robin"]
[Result "1/2-1/2"]
[WhiteElo "2009"]
[BlackElo "1814"]
[PlyCount "32"]
[EventDate "2016.??.??"]

1. e4 e5 2. Nf3 Nc6 3. Bb5 Nf6 4. Qe2 d6 5. c3 a6 6. Ba4 b5 7. Bc2 Be7 8. a4
Rb8 9. axb5 axb5 10. O-O O-O 11. d4 exd4 12. cxd4 Bg4 13. Rd1 Qc8 14. e5 dxe5
15. dxe5 Bxf3 16. gxf3 Qe6 1/2-1/2

[Event "2ème Open des Vins du Médoc à Hourtin"]
[Site "Hourtin ; France"]
[Date "2016.07.04"]
[Round "4.7"]
[White "Grandmougin, Olivier"]
[Black "Grelier, Gilles"]
[Result "1-0"]
[WhiteElo "1922"]
[BlackElo "1802"]
[PlyCount "68"]
[EventDate "2016.??.??"]

1. c3 d5 2. Nf3 Nf6 3. g3 e6 4. Bg2 Be7 5. O-O O-O 6. d3 b6 7. Qc2 Bb7 8. Nbd2
c5 9. a3 Qc7 10. e4 Nc6 11. Re1 Rac8 12. Nf1 d4 13. c4 e5 14. h3 Ne8 15. g4 Nd6
16. a4 f6 17. Ng3 g6 18. Bh6 Rf7 19. Qe2 Bf8 20. Bd2 g5 21. h4 h6 22. Kh2 Rh7
23. Rh1 Qd7 24. Bh3 Rc7 25. Rag1 Be7 26. Kg2 Bc8 27. Kf1 Bd8 28. Nh5 Nf7 29.
Ng3 Nd6 30. Rg2 Qe6 31. Rgh2 Rcf7 32. Nf5 Bd7 33. b3 Bc8 34. Qe1 Kf8 1-0